Coupe d'Afrique des Nations 2021 - Statistiques

Statistiques générales
  • Ce quiz a été pris 372 fois
  • Le résultat moyen est 19 sur 24
Statistiques - réponses
Réponse % Correct
Algérie
99%
Maroc
97%
Egypte
95%
Sénégal
95%
Tunisie
95%
Côte d'Ivoire
94%
Cameroun
93%
Mali
91%
Guinée
90%
Nigeria
85%
Ghana
84%
Burkina Faso
78%
Comores
76%
Guinée Equatoriale
76%
Gabon
73%
Mauritanie
72%
Cap-Vert
69%
Guinée-Bissau
68%
Zimbabwe
68%
Ethiopie
66%
Gambie
66%
Sierra Leone
66%
Soudan
65%
Malawi
58%
Aucun quiz correspondant
Distribution des résultats
% des personnes avec chaque résultat
Percentile par nombre de réponses
Votre historique - résultats
Vous n’avez pas pris ce quiz